Hauptstädte Asiens Quiz - Blindes tippen - Statistiken

Allgemein
  • Dieses Quiz wurde 54 mal gespielt
  • Das Durchschnittsergebnis liegt bei 32 aus 48
Antwortstatistiken
Land Hauptstadt % Korrekt
China Peking
85%
Japan Tokio
83%
Israel Jerusalem
80%
Indien Neu-Delhi
80%
Indonesien Jakarta
78%
Südkorea Seoul
78%
Katar Doha
75%
Singapur Singapur
75%
Thailand Bangkok
73%
Syrien Damaskus
73%
Pakistan Islamabad
73%
Kuwait Kuwait-Stadt
73%
Saudi-Arabien Riad
73%
Irak Bagdad
70%
Aserbaidschan Baku
70%
Armenien Jerewan
70%
Mongolei Ulaanbaatar
70%
Libanon Beirut
68%
Osttimor Dili
68%
Vietnam Hanoi
68%
Malaysia Kuala Lumpur
68%
Nordkorea Pjöngjang
68%
Iran Teheran
68%
Georgien Tiflis
68%
Vereinigte Arabische Emirate Abu Dhabi
65%
Jordanien Amman
65%
Türkei Ankara
65%
Kasachstan Astana
65%
Kirgisistan Bischkek
65%
Afghanistan Kabul
65%
Nepal Kathmandu
65%
Philippinen Manila
65%
Oman Maskat
65%
Jemen Sanaa
65%
Sri Lanka Sri Jayawardenepura Kotte
65%
Malediven Malé
63%
Tadschikistan Duschanbe
60%
Bahrain Manama
60%
Taiwan Taipeh
60%
Bhutan Thimphu
60%
Turkmenistan Aşgabat
58%
Bangladesch Dhaka
58%
Usbekistan Taschkent
58%
Zypern Nikosia
55%
Kambodscha Phnom Penh
55%
Laos Vientiane
53%
Brunei Bandar Seri Begawan
50%
Myanmar Naypyidaw
43%
Keine übereinstimmenden Quizze gefunden
Verteilung der Resultate
Anzahl Personen mit jedem Resultat
Perzentil nach korrekt beantworteten Fragen
Ihre Resultats-Entwicklung
Sie haben dieses Quiz noch nicht gespielt